Statystyki dla Selekcjonerzy Najważniejszych Europejskich Reprezentacji (od 2010)

Kliknij tutaj aby rozwiązać quiz!

Ogólne statystyki

  • Ten quiz został rozwiązany 28 razy
  • Średni wynik to 20 z 44

Statystyki odpowiedzi

ReprezentacjaLataSelekcjoner% Poprawnych
2013-2018Adam Nawałka
100%
2014-2023Fernando Santos
96%
2023Fernando Santos
96%
Polska2009-2012Franciszek Smuda
88%
2018-2021Jerzy Brzęczek
88%
2023-Michał Probierz
88%
2021Paulo Sousa
88%
2012-2013Waldemar Fornalik
80%
2022Czesław Michniewicz
76%
2016-2022Roberto Martinez
72%
2023-Roberto Martinez
72%
2018-2022Luis Enrique
68%
Niemcy2006-2021Joachim Loew
64%
2021-2022Louis van Gaal
64%
2012-2014Louis van Gaal
64%
2012-Didier Deschamps
60%
2021-2023Hans-Dieter Flick
60%
2023-Julian Nagelsmann
60%
Hiszpania2008-2016Vicente del Bosque
56%
2016-Gareth Southgate
52%
2018-2020Ronald Koeman
52%
2023-Ronald Koeman
52%
2014-2016Antonio Conte
44%
2018-2023Roberto Mancini
44%
Holandia2020-2021Frank de Boer
36%
2016-2018Julen Lopetegui
32%
2022-Luis de la Fuente
32%
Anglia2007-2012Fabio Capello
28%
2018Fernando Hierro
28%
Francja2010-2012Laurent Blanc
24%
2023-Luciano Spalletti
24%
2012-2016Roy Hodgson
24%
2023-Domenico Tedesco
20%
Holandia2008-2012Bert van Marwijk
12%
2017Dick Advocaat
12%
2014-2015Guus Hiddink
12%
2012-2016Marc Wilmots
12%
Włochy2010-2014Cesare Prandelli
8%
Portugalia2010-2014Paulo Bento
8%
2016Sam Allardyce
8%
2015-2017Danny Blind
4%
2016-2017Gian Piero Ventura
4%
2019Robert Moreno
4%
Belgia2010-2012Georges Leekens
0%

Rozkład punktacji

Percentyl według liczby udzielonych odpowiedzi

Procent ludzi z każdym wynikiem

Twoja historia wyników

Nie rozwiązałeś tego quizu